| 000 | 00974nam a22003137a 4500 | ||
|---|---|---|---|
| 003 | CHAP | ||
| 005 | 20220329134531.0 | ||
| 008 | 971013s r 00010 d | ||
| 010 | _a21772 | ||
| 011 | _a22744 | ||
| 035 | _a26839 | ||
| 040 | _cCHAP | ||
| 090 | _aR-3488 | ||
| 100 | 0 | 0 |
_aNarro, J. _980237 |
| 245 | _aSorghum diseases in Mexico | ||
| 500 | _aSobretiro de : Milliano, W. A. J. de | ||
| 500 | _aSorghum and millets diseases: A second world review. Andhra Pradesh : ICRISAT, 1992. pp. 75-84 | ||
| 590 |
_aBATCH-UPD _b10 _c20130110 _lUCH01 _h2148 |
||
| 590 |
_aBATCH-UPD _b10 _c20130410 _lUCH01 _h1456 |
||
| 590 |
_aBATCH-UPD _b10 _c20130913 _lUCH01 _h2319 |
||
| 590 |
_aCONVERSION _b10 _c20130109 _lUCH01 _h1313 |
||
| 650 | 1 | 4 |
_aSorgo _xEnfermedades. _9108662 |
| 650 | 1 | 4 |
_aSorgo _xMéxico. _9108697 |
| 700 | 0 |
_aAguirre, J. I. _93061 |
|
| 700 | 0 |
_aBetancourt, V. A. _912065 |
|
| 901 | _aBK | ||
| 942 | _cREIMP | ||
| 949 |
_aR-3488 _bBC _cR _d-61964 _eTS1 _i26839 _si |
||
| 999 |
_c21772 _d21772 |
||